000 00537nam a2200169 i 4500
001 50124
003 ES-MaACL
007 t|
008 030731s1961 sp ||||1| spa d
100 1 _aCrockrord, H.D.
_941664
245 1 0 _aManual de laboratorio de química física /
_cH. D. Crockrord, J. W. Nowel ; [traducción por J. M. Orza Segade].
260 _aMadrid :
_bAlhambra,
_c[1961]
300 _a170 p. :
_bil. ;
_c27 cm.
700 1 _aNowel, J.W.
_986102
700 1 _aOrza Segade, J.M.
_987710
852 _aES-MaACL
_jE-317
_bR.48344
999 _c50124
_d50124